| 000 | 00533nam a22001697a 4500 | ||
|---|---|---|---|
| 005 | 20231208085720.0 | ||
| 008 | 231208b |||||||| |||| 00| 0 eng d | ||
| 020 | _a9780409016352 ; 978040901628 | ||
| 041 | _aEnglish | ||
| 082 | _a349 BUT | ||
| 100 | _lEnglish | ||
| 245 |
_aButterworths Forms and Precedents : _bProperty 1 / _cedited by L Mncube |
||
| 260 |
_aDurban : _bLexisNexis (Pty) Ltd, _c2013 |
||
| 300 |
_bx, 161 pages ; _c26 cm. |
||
| 650 |
_aLegal practice _bLaw |
||
| 942 |
_cBK _6ALISON_BN_VRIES |
||
| 999 |
_c1167 _d1167 |
||